The Minister's Manual
The Ministers Manual is focused upon the day-to-day work of the pastor. It concentrates upon the art of sermon building, biblical exegesis, and multiple aspects of human need in life situations. It is an invaluable handbook . . ."
Saved in:
| Format: | Book |
|---|---|
| Language: | Undetermined |
| Published: |
San Prancisco, CA.
Jossey-Bass
2007
|
| Subjects: | |
| Tags: |
Add Tag
No Tags, Be the first to tag this record!
|
| Institutions: | Trung tâm Học liệu Trường Đại học Cần Thơ |
|---|
| LEADER | 00797nam a2200205Ia 4500 | ||
|---|---|---|---|
| 001 | CTU_164587 | ||
| 008 | 210402s9999 xx 000 0 und d | ||
| 020 | |c 21.95 | ||
| 082 | |a 327.2 | ||
| 082 | |b M665/2007 | ||
| 245 | 4 | |a The Minister's Manual | |
| 245 | 0 | |c Edited by, James W. Cox, Le McGlone | |
| 260 | |a San Prancisco, CA. | ||
| 260 | |b Jossey-Bass | ||
| 260 | |c 2007 | ||
| 520 | |a The Ministers Manual is focused upon the day-to-day work of the pastor. It concentrates upon the art of sermon building, biblical exegesis, and multiple aspects of human need in life situations. It is an invaluable handbook . . ." | ||
| 650 | |a Diplomats,Ngoại giao | ||
| 650 | |x Minister,Manual,Cấp bộ trưởng | ||
| 904 | |i Qhieu | ||
| 980 | |a Trung tâm Học liệu Trường Đại học Cần Thơ | ||